000 00567nam a2200193 i 4500
001 72243
003 ES-MaACL
005 20251116063055.0
007 t|
008 040827s1961 sp ||||1| spa d
100 1 _aGiménez-Arnau, J. A.,
_d1912-1985
_957030
245 1 0 _aEste-Oeste /
_cJosé A. Giménez-Arnau.
260 _aBarcelona :
_bDestino,
_c[1961] (
_fAriel)
300 _a682 p. ;
_c19 cm.
490 1 _aAncora y delfín ;
_v195
830 0 0 _aÁncora y Delfín
_v195
_9151298
852 _aES-MaACL
_jE-2426
_bR.47743
999 _c72243
_d72243